000 00753cam a2200277 i 4500
001 768714001
003 CO-MdFUSB
005 20241204162914.0
007 ta
008 241204t1963 -us||||| |||| 00| 0 eng d
040 _cCO-MdFUSB
041 0 _aeng
082 0 4 _223
_a236.2
_bS116w
100 1 _aSabiers, Karl George (1917-)
_eautor
245 1 0 _aWhere are the dead? :
_bthe Bible answer fundamental - Orthodox!
_c/ Karl Sabiers
264 1 _aUSA :
_bChristian Pocket Books,
_c[1963]
264 4 _c©1963
300 _a115 páginas
336 _atexto
_btxt
_2rdacontent
337 _2rdamedia
_asin mediación
_bn
338 _2rdacarrier
_avolumen
_bnc
563 _aRustico
653 _aEscatología
942 _cBK
945 _aMiguel
999 _c35278
_d35278